La aceptación de la vida / (Record no. 180786)
[ view plain ]
| 000 -LEADER | |
|---|---|
| campo de control de longitud fija | 00884nab a2200241 i 4500 |
| 001 - NÚMERO DE CONTROL | |
| campo de control | 180786 |
| 003 - IDENTIFICADOR DE NÚMERO DE CONTROL | |
| campo de control | ES-MaACL |
| 005 - FECHA Y HORA DE LA ÚLTIMA TRANSACCIÓN | |
| campo de control | 20250901015607.0 |
| 008 - DATOS DE LONGITUD FIJA--INFORMACIÓN GENERAL | |
| campo de control de longitud fija | 120712s1913 sp 000 0 spa d |
| 040 ## - FUENTE DE CATALOGACIÓN | |
| Centro/agencia transcriptor | ES-MaACL |
| 100 1# - ENTRADA PRINCIPAL--NOMBRE DE PERSONA | |
| Nombre de persona | García Martí, Victoriano, |
| Fechas asociadas al nombre | 1881-1966 |
| Término indicativo de función/relación | Autor |
| 9 (RLIN) | 54896 |
| 245 13 - MENCIÓN DEL TÍTULO | |
| Título | La aceptación de la vida / |
| Mención de responsabilidad, etc. | por Victoriano García Martí |
| 300 ## - DESCRIPCIÓN FÍSICA | |
| Extensión | Páginas 1-12 |
| 594 ## - Nota al título y mención de responsabilidad | |
| Nota al título y mención de responsabilidad | Precede al título: Conferencias del Ateneo de Madrid<br/> |
| 599 ## - NOTA A LAS ILUSTRACIONES | |
| NOTA A LAS ILUSTRACIONES | Retrato del autor en portada |
| 610 24 - PUNTO DE ACCESO ADICIONAL DE MATERIA--NOMBRE DE ENTIDAD CORPORATIVA | |
| Nombre de entidad corporativa o nombre de jurisdicción como elemento de entrada | Ateneo de Madrid- |
| Subdivisión de forma | Conferencias- |
| Subdivisión cronológica | 1900-1939 |
| 9 (RLIN) | 1907 |
| 650 #7 - PUNTO DE ACCESO ADICIONAL DE MATERIA--TÉRMINO DE MATERIA | |
| Término de materia o nombre geográfico como elemento de entrada | Vida |
| Fuente del encabezamiento o término | embne |
| 9 (RLIN) | 17793 |
| 650 #7 - PUNTO DE ACCESO ADICIONAL DE MATERIA--TÉRMINO DE MATERIA | |
| Término de materia o nombre geográfico como elemento de entrada | Emociones y sentimientos (Filosofía) |
| Fuente del encabezamiento o término | embne |
| 9 (RLIN) | 12198 |
| 655 #4 - TERMINO DE INDIZACIÓN--GENERO/FORMA | |
| Datos o término principal de género/forma | Conferencias |
| 9 (RLIN) | 234444 |
| 773 0# - ASIENTO DE ITEM FUENTE | |
| Título | La Palabra : revista taquigráfica, |
| Número Internacional Normalizado para Publicaciones Seriadas | ISSN 2479-7723, |
| Parte(s) relacionada(s) | N. 9 (1 mayo 1913), p. 1-12 |
| Número bibliográfico anfitrión | 2879 |
| Número de ítem anfitrión | 2987 |
| Número de control del registro | 2879 |
| 942 ## - ELEMENTOS DE ENTRADA SECUNDARIOS (KOHA) | |
| Tipo de ítem Koha | Artículo de revista |
| Fuente del sistema de clasificación o colocación | Clasificación decimal universal |
| Suprimir en OPAC | No |
No items available.
